| 000 | 01268nam a22003857a 4500 | ||
|---|---|---|---|
| 001 | 0008438 | ||
| 003 | KOHA_MİRAKIL | ||
| 005 | 20260207001634.0 | ||
| 007 | ta | ||
| 008 | 091009b1989 tu |||gr||||#||||0|tur | | ||
| 020 |
_a9751601711 _cTL4 |
||
| 040 |
_aTR-BiSEU _btur _cTR-BiSEU _erda |
||
| 041 | 0 | _atur | |
| 044 | _ctu | ||
| 050 |
_aDS26 _b.Y56 1989 |
||
| 100 | 1 | _aYinanç, Refet. | |
| 245 | 1 |
_aDulkadir Beyliği/ _cRefet Yinanç ; Refet Yinanç. |
|
| 264 | 1 |
_aAnkara : _bAtatürk Kültür, Dil ve Tarih Yüksek Kurumu Türk Tarih Kurumu _c1989 |
|
| 300 | _avi, 184 sayfa; 24 cm. | ||
| 336 |
_ametin _btxt _2rdacontent |
||
| 337 |
_aaracısız _bn _2rdamedia |
||
| 338 |
_acilt _bnc _2rdacarrier |
||
| 490 | 1 | _aAtatürk Kültür, Dil ve Tarih Yüksek Kurumu. | |
| 490 | 1 |
_aTürk Tarih Kurumu yayınları ; _vvii, dizi-sa. |
|
| 490 | 1 | _a108 | |
| 500 | _aKaynakça ve dizin var. | ||
| 650 | 0 |
_aDulkadir (principality). _921011 |
|
| 650 | 0 |
_aTurkey, Eastern--History. _921012 |
|
| 650 | 0 |
_aDulkadir Beyliği. _921013 |
|
| 650 | 0 |
_aTürkiye, Doğu--Tarih. _921014 |
|
| 830 | 1 |
_aAtatürk Kültür, Dil ve Tarih Yüksek Kurumu. _96683 |
|
| 830 | 1 |
_aTürk Tarih Kurumu yayınları ; _vvii, dizi-sa. _96704 |
|
| 830 | 1 |
_a108 _918981 |
|
| 942 |
_2lcc _cBK |
||
| 999 |
_c8410 _d8410 |
||